000 00467 a2200157 4500
003 OSt
005 20240209124205.0
008 240201b |||||||| |||| 00| 0 eng d
040 _coclc
082 _a297.63
_bRAM/M
100 _aRamakrishnaravu, K.S.
_910350
245 _aMUHAMMAD MAHANAYA PRAVACHAKAN /
_cK. S. Ramakrishnaravu
260 _bIslam Presentation Committee
300 _a23p.
942 _2ddc
_cBK
_h297.63
_iRAM/M
_k297.63
_mRAM/M
999 _c43409
_d43409